La Mosquita en la Revolución /

Guardat en:
Dades bibliogràfiques
Autor principal: Weelock Roman, Jaime
Autor corporatiu: Centro de Investigación y Estudios de la Reforma Agraria, CIERA
Format: Text
Publicat: Managua: Centro de Publicaciones del CIERA
Edició:1
Etiquetes: Afegir etiqueta
Sense etiquetes, Sigues el primer a etiquetar aquest registre!

MARC

LEADER 00000 a a2200000 04500
001 25253
003
040 |a CRAI/IIS  |c CRAI/IIS 
090 |a 180600  
100 |a Weelock Roman, Jaime  
110 |a Centro de Investigación y Estudios de la Reforma Agraria  
245 |a La Mosquita en la Revolución /  |c Centro de Investigación y Estudios de la Reforma Agraria  
250 |a 1  
260 |a Managua:   |b Centro de Publicaciones del CIERA  
300 |a 297 p   |b **no definido**   |b il.   |b map.  
710 |a CIERA  
999 |c 17511  |d 17511